000
00344nam a2200145Ia 4500
008
230524s9999 xx 000 0 und d
020
_a
9788120335691
100
_a
D.V.S.Murty
245
0
_a
Transducers and Instrumentation
250
_a
2 nd ed
260
_b
P H I
500
_a
Quantity Number: 20
650
_a
Electrical
942
_c
BK
999
_c
51017
_d
51017